Resultados da gestão : (Record no. 1503)

MARC details
000 -LÍDER
Campo Fixo de Controle 01093nam a2200229 a 4500
001 - NÚMERO DE CONTROLE
Campo de Controle 1503
003 - IDENTIFICAÇÃO DO NÚMERO DE CONTROLE
Campo de Controle BR-CuiBMT
005 - DATA E HORA DA ÚLTIMA ATUALIZAÇÃO
Campo de Controle 20231216201907.0
008 - DADOS FIXOS
Dados Fixos 231128s2007 mtba 000 0 por d
040 ## - AGÊNCIA CATALOGADORA
Código da Agência Catalogadora BR-CuiBMT
Agência que transcreveu o registro BR-CuiBMT
080 ## - Nº DA CLASSIFICAÇÃO DECIMAL UNIVERSAL
Nº Class. CDU 351.94:336.148
Subd. Auxiliar Comum (817.2)
-- (047)
Nº edição CDU 2007
090 ## - NÚMERO DE CHAMADA
Complemento TCE/MT
Nº classificação 351.94:336.148(817.2)(047)
Cutter M433r
110 1# - ENTRADA PRINCIPAL -- ENTIDADE
Nome da entidade ou lugar Mato Grosso.
Unidade subordinada Tribunal de Contas.
245 10 - TÍTULO PRINCIPAL
Título principal Resultados da gestão :
Subtítulo 2006 - 2008 : construindo a excelência /
Indicação de responsabilidade Tribunal de Contas do Estado de Mato Grosso ; José Carlos Novelli (conselheiro relator).
260 ## - PUBLICAÇÃO, DISTRIBUIÇÃO, ETC.
Local de publicação Cuiabá :
Editora TCE-MT,
Data 2007.
300 ## - DESCRIÇÃO FÍSICA
N. páginas ou volumes 5 v. ;
Ilustrações il. color. ;
Dimensões 30 cm
505 0# - NOTA DE CONTEÚDO
Nota de conteúdo v. 1. Planejamento -- v. 2. Pesquisa FIA/USP 2006 -- v. 3. Pesquisa FIA/USP 2007 -- v. 4. Programa Nacional de Gestão Pública e Desburocratização - GESPÚBLICA -- v. 5. Legislação - Termos de cooperação técnica.
650 ## - ASSUNTO TÓPICO
Cabeçalho tópico ou nome geográfico Controle externo
Subdivisão de forma Orçamento
Subdivisão geográfica Mato Grosso
650 ## - ASSUNTO TÓPICO
Cabeçalho tópico ou nome geográfico Contas governamentais
Subdivisão geral Relatórios e pareceres
Subdivisão geográfica Mato Grosso
650 ## - ASSUNTO TÓPICO
Cabeçalho tópico ou nome geográfico Prestação de contas
Subdivisão geral Relatórios
Subdivisão geográfica Mato Grosso
942 ## - ELEMENTOS DE ENTRADA ADICIONAIS (KOHA)
Fonte de classificação ou esquema de arquivamento Classificação Decimal Universal
Tipo de item do Koha Livros
Holdings
Estado: removido Estado: perdido Fonte de classificação ou esquema de arquivamento Estado: danificado Indisponível para empréstimo Localização permanente Localização atual Data de aquisição Numeração serial ou cronológica (Volume) Total Checkouts Número de Chamada completo Código de barras Date last seen Número do exemplar Preço efetivo a partir de Tipo de item (Koha)
    Classificação Decimal Universal     Biblioteca da Escola Superior de Contas do TCE/MT Biblioteca da Escola Superior de Contas do TCE/MT 12/12/2023 v. 1   TCE/MT 351.94:336.148(817.2)(047) T822r BIBTCEMT23120414 12/12/2023 Ex. 1 12/12/2023 Livros
    Classificação Decimal Universal     Biblioteca da Escola Superior de Contas do TCE/MT Biblioteca da Escola Superior de Contas do TCE/MT 12/12/2023 v. 2   TCE/MT 351.94:336.148(817.2)(047) T822r BIBTCEMT23120415 12/12/2023 Ex. 1 12/12/2023 Livros
    Classificação Decimal Universal     Biblioteca da Escola Superior de Contas do TCE/MT Biblioteca da Escola Superior de Contas do TCE/MT 12/12/2023 v. 3   TCE/MT 351.94:336.148(817.2)(047) T822r BIBTCEMT23120416 12/12/2023 Ex. 1 12/12/2023 Livros
    Classificação Decimal Universal     Biblioteca da Escola Superior de Contas do TCE/MT Biblioteca da Escola Superior de Contas do TCE/MT 12/12/2023 v. 4   TCE/MT 351.94:336.148(817.2)(047) T822r BIBTCEMT23120417 12/12/2023 Ex. 1 12/12/2023 Livros
    Classificação Decimal Universal     Biblioteca da Escola Superior de Contas do TCE/MT Biblioteca da Escola Superior de Contas do TCE/MT 12/12/2023 v. 5   TCE/MT 351.94:336.148(817.2)(047) T822r BIBTCEMT23120418 12/12/2023 Ex. 1 12/12/2023 Livros

Powered by Koha